000 00267nam a2200109Ia 4500
008 200302s9999 xx 000 0 und d
100 _aSushil Kumar
245 _aBuilding Construction
260 _bStandard Publishers Distributors
260 _c2001
300 _a796 P.,
999 _c1147
_d1147